|
|
|
|
| LEADER |
00889nam a2200241 a 4500 |
| 001 |
26688669 |
| 008 |
090719s1956 enk 001 0 eng d |
| 020 |
|
|
|a 0140585044 (pbk)
|
| 040 |
|
|
|a COF
|c COF
|
| 082 |
0 |
0 |
|a 821/.7
|2 16
|
| 100 |
1 |
|
|a Shelley, Percy Bysshe.
|d 1792-1822.
|
| 240 |
1 |
0 |
|a Poems.
|k Selections
|
| 245 |
1 |
0 |
|a Shelley. :
|b poems /
|c edited by Isabel Quigly
|
| 260 |
|
|
|a Harmondsworth, Middlesex, England ;
|a New York :
|b Penguin,
|c 1956
|
| 300 |
|
|
|a 320 p. ;
|c 20cm.
|
| 490 |
1 |
|
|a Penguin poetry library.
|
| 504 |
|
|
|a Includes index
|
| 541 |
1 |
|
|e 00014362
|
| 600 |
1 |
0 |
|a Shelley, Percy Bysshe,
|d 1792-1822.
|
| 700 |
1 |
|
|a Quigly, Isabel,
|d 1926-
|
| 852 |
4 |
|
|a Ayesha Abed Library
|j General shelf.
|
| 999 |
|
|
|c 2528
|d 2528
|
| 952 |
|
|
|0 0
|1 0
|2 ddc
|4 0
|6 821_700000000000000_SHE_1954
|7 0
|9 2413
|a BRACUL
|b BRACUL
|c GEN
|d 2009-07-22
|l 8
|m 6
|o 821.7 SHE
|p 3010014362
|r 2025-11-15
|s 2025-11-02
|t 1
|w 2009-07-22
|y BK
|